Mughal painting with an introduction and notes (Record no. 1050310)

MARC details
000 -LEADER
fixed length control field 00699nam a2200241Ia 4500
003 - CONTROL NUMBER IDENTIFIER
control field OSt
005 - DATE AND TIME OF LATEST TRANSACTION
control field 20221005124404.0
008 - FIXED-LENGTH DATA ELEMENTS--GENERAL INFORMATION
fixed length control field 221004b |||||||| |||| 00| 0 eng d
037 ## - SOURCE OF ACQUISITION
Terms of availability Textual
040 ## - CATALOGING SOURCE
Original cataloging agency CRL
Transcribing agency CRL
Language of cataloging eng
041 ## - LANGUAGE CODE
Source of code eng
Language code of text/sound track or separate title eng
100 ## - MAIN ENTRY--PERSONAL NAME
Personal name Wilkinson J. V. S. Ed.
9 (RLIN) 635136
245 #0 - TITLE STATEMENT
Title Mughal painting with an introduction and notes
260 ## - PUBLICATION, DISTRIBUTION, ETC.
Date of publication, distribution, etc. 1948
490 ## - SERIES STATEMENT
Series statement (Faber gallery of oriental art,ed by Basil Gray,1).
650 ## - SUBJECT ADDED ENTRY--TOPICAL TERM
Topical term or geographic name entry element ARTS
942 ## - ADDED ENTRY ELEMENTS (KOHA)
Classification part N525:L, H8 close section
Koha item type Textual
Source of classification or shelving scheme
Holdings
Withdrawn status Lost status Damaged status Not for loan Home library Current library Date acquired Total Checkouts Full call number Barcode Date last seen Price effective from Koha item type
        Central Library Central Library 2022-10-05   N525:L H8 close section CL0052383 2022-10-05 2022-10-05 Textual
Copyright @ Delhi University Library System